Microsoft Office PowerPoint 2003 Paso a paso

Bibliographic Details
Main Author: España. Online training salutions inc.
Format: Section = Libro
Language:Undetermined
Spanish
Published: España México 2004
Subjects:
LEADER 00698nam a2200229Ia 4500
008 240830s9999 xx 000 0 und d
020 |a 84-481-4056-7 
040 |a B-ESTELÍ- RUACS / 005.369 E77 
041 |a spa 
082 |a 005.369 E77  
100 1 |a España. Online training salutions inc. 
245 1 0 |a Microsoft Office PowerPoint 2003 Paso a paso 
260 |a España  |b México  |c 2004 
300 |a 402 p. :il 
650 7 |a PROGRAMAS ESPECIFICOS - MICROSOFT OFFICE POWER POINT 2003 
650 7 |b  CREACION SITIO WEB 
650 7 |c  DISEÑO DE PAGINA WEB 
650 7 |d  ADMINISTRACION - SITIO WEB 
650 7 |e  MICROSOFT OFFICE FRONTPAGE 
942 |c BK  |2 ddc 
991 |a TEXTO 
999 |c 10573